Name That Baby After Food! Quiz Stats

 Plays Quiz Updated Jan 10, 2016

Also try: Scary Baby Names
Challenge
Share
Tweet
Embed
Score 0/30 Timer 08:00
3 Plays Today
Hint Name % Correct
Boy NamesJoe
91.6%
Boy NamesKale
89.7%
Boy NamesAle
89.6%
Boy NamesVin
84.4%
Boy NamesDijon
83.8%
Girl NamesEclair
78.8%
Girl NamesBrie
76.1%
Boy NamesChai
72.9%
Boy NamesWaldorf
61.2%
Boy NamesKobe
56%
Girl NamesMerlot
55.3%
Girl NamesJulienne
52.5%
Girl NamesChardonnay
47.9%
Girl NamesMelba
46.4%
Boy NamesWellington
45.7%
Hint Name % Correct
Girl NamesDanish
43.6%
Boy NamesHero
42.2%
Boy NamesBartlett
41.3%
Boy NamesHash
41.2%
Boy NamesRay
36.6%
Girl NamesAnjou
31.7%
Boy NamesFilbert
31.1%
Girl NamesAbalone
24.6%
Girl NamesAmandine
21.7%
Girl NamesSuzette
20.9%
Girl NamesMelony
18.3%
Girl NamesSultana
16.8%
Girl NamesVirginia
14.1%
Boy NamesNapoleon
13%
Girl NamesMadeleine or Magdalena
12.5%

You're not logged in!

Compare scores with friends on all Sporcle quizzes.
OR
Log In

You Might Also Like...

Show Comments

Extras

Top Quizzes Today


Score Distribution

Your Account Isn't Verified!

In order to create a playlist on Sporcle, you need to verify the email address you used during registration. Go to your Sporcle Settings to finish the process.

Report this User

Report this user for behavior that violates our Community Guidelines.

Details: